Physical Agents in Rehabilitation. (Record no. 4744)

MARC details
000 -LEADER
fixed length control field 00617nam a22002057a 4500
003 - CONTROL NUMBER IDENTIFIER
control field OSt
005 - DATE AND TIME OF LATEST TRANSACTION
control field 20210928095330.0
008 - FIXED-LENGTH DATA ELEMENTS--GENERAL INFORMATION
fixed length control field 160715b xxu||||| |||| 00| 0 eng d
020 ## - INTERNATIONAL STANDARD BOOK NUMBER
International Standard Book Number 9781416032571
040 ## - CATALOGING SOURCE
Transcribing agency DDC
082 ## - DEWEY DECIMAL CLASSIFICATION NUMBER
Classification number 617.03CAM 2009
100 ## - MAIN ENTRY--PERSONAL NAME
Personal name Cameroon,Michelle H.;
9 (RLIN) 10221
245 ## - TITLE STATEMENT
Title Physical Agents in Rehabilitation.
Remainder of title From Research to Practice.
Statement of responsibility, etc. Edited by Cameroon,Michelle H.;
250 ## - EDITION STATEMENT
Edition statement 3rd ed.
260 ## - PUBLICATION, DISTRIBUTION, ETC. (IMPRINT)
Place of publication, distribution, etc. Missouri;
Name of publisher, distributor, etc. Saunders Elsevier.
Date of publication, distribution, etc. 2009.
300 ## - PHYSICAL DESCRIPTION
Extent xviii,457p;
Other physical details col,ill;
Dimensions 28cm.
504 ## - BIBLIOGRAPHY, ETC. NOTE
Bibliography, etc Includes; references and index;
650 ## - SUBJECT ADDED ENTRY--TOPICAL TERM
Topical term or geographic name as entry element Biology
9 (RLIN) 324
942 ## - ADDED ENTRY ELEMENTS (KOHA)
Source of classification or shelving scheme Dewey Decimal Classification
Koha item type Open Shelf
Holdings
Withdrawn status Lost status Source of classification or shelving scheme Damaged status Not for loan Home library Current library Date acquired Source of acquisition Inventory number Total Checkouts Total Renewals Full call number Barcode Date last seen Date last checked out Price effective from Koha item type
    Other/Generic Classification Scheme     MUST Main Library MUST Main Library 15/07/2016   11/35388 2 1 WB460C145p 2009. 2016-3170 22/11/2019 14/10/2019 15/07/2016 Open Shelf
    Dewey Decimal Classification     MUST Main Library MUST Main Library 28/09/2021 Donation 10/32111     617.03CAM 2009 2021-1293 28/09/2021   28/09/2021 Open Shelf